Statistics for The Police-Every Little Thing She Does Is Magic (Lyrics)

Click here to take the quiz!

General Stats

  • This quiz has been taken 38 times
  • The average score is 218 of 275

Answer Stats

Lyrics% Correct
Every
100%
I
100%
Little
100%
Do
97%
Does
97%
Is
97%
Magic
97%
Thing
97%
A
94%
She
94%
The
91%
Her
88%
For
85%
In
85%
Me
85%
My
85%
On
85%
And
82%
Be
82%
Just
82%
Love
79%
Though
79%
To
79%
Turn
79%
Before
76%
E-Oh (Repeat 16 Times)
76%
Even
76%
Have
76%
Heart
76%
Time
76%
Was
76%
Goes
73%
I've
73%
Know
73%
Of
73%
Tragic
73%
Turns
73%
We
73%
Feelings
70%
Tell
70%
Day
67%
Life
67%
Oh
67%
Always
64%
But
64%
That
64%
Tried
64%
As
61%
From
61%
Now
61%
Story
61%
Thousand
61%
If
58%
It's
58%
Way
58%
Call
55%
Everything
55%
Marry
55%
Some
55%
Start
55%
Up
55%
Times
52%
Alone
48%
Has
48%
Lose
48%
Old
48%
She'll
48%
Umbrella
48%
Ask
45%
Fashioned
45%
Near
45%
Rainy
45%
Big
42%
Come
42%
Days
42%
Ends
42%
Enough
42%
Met
42%
Must
42%
Phone
42%
Since
42%
Done
39%
Fears
39%
Reach
39%
Wet
39%
Getting
36%
Grip
36%
Silent
36%
Tongue
36%
Resolved
33%
Long
30%
Tripped
30%
Nerves
21%

Score Distribution

Percentile by Number Answered

Percent of People with Each Score

Your Score History

You have not taken this quiz